00331nam a22001337a 4500003000700000005001700007008004100024082001600065100001700081245003700098260003100135300000800166650002300174MPLRDC20220104145617.0210129b ||||| |||| 00| 0 eng d a873.6 HARD  aTHOMAS HARDY a德伯家的苔丝c张毂若译 ab香港上海书局c1960 b精 a英国文学杂著